000 00581cam a2200181 4500
001 BP2002728
008 1983 spa
035 _aBP2002728
050 4 _aJL2626
_bCH5 1983
245 0 _aChile : la lucha por el poder /
_cCentro de informacion y documentacion Luis Emilio Recabarren
260 _aMéxico :
_bUniversidad Autonoma de Guerrero,
_c1983
300 _a97 p. ;
_c21 cm.
440 0 _aLuchas populares latinoamericanas
500 _a1 ejemplar
504 _aIncluye indice
650 4 _aCHile
_xpolitica y gobierno
_x1930
942 _2lcc
_LIB
999 _c103678
_d103678